All ISO 639-1 Languages with a Map - Statistics

General Stats
  • This quiz has been taken 20,416 times
  • The average score is 103 of 183
Answers on the Map
Answers color-coded by a green-red scale on the quiz's map according to % correct below.
 
Answer Stats
Language % Correct
English
99%
French
99%
Spanish
99%
Arabic
98%
Chinese
98%
German
98%
Portuguese
98%
Russian
98%
Italian
97%
Japanese
96%
Korean
96%
Polish
96%
Swedish
96%
Turkish
96%
Ukrainian
96%
Dutch
95%
Finnish
95%
Greek
95%
Latvian
95%
Hindi
94%
Mongolian
94%
Norwegian
94%
Romanian
94%
Belarusian
93%
Czech
93%
Danish
93%
Estonian
93%
Icelandic
93%
Persian
93%
Thai
93%
Croatian
92%
Hungarian
92%
Lithuanian
92%
Serbian
92%
Slovak
92%
Vietnamese
92%
Albanian
91%
Bulgarian
91%
Kazakh
91%
Malay
90%
Slovenian
90%
Indonesian
89%
Uzbek
89%
Catalan
88%
Georgian
88%
Irish
88%
Lao
88%
Armenian
87%
Macedonian
87%
Somali
87%
Tagalog
87%
Turkmen
86%
Azerbaijani
85%
Hebrew
85%
Welsh
85%
Burmese
84%
Bengali
83%
Nepali
83%
Afrikaans
82%
Basque
82%
Tajik
82%
Kurdish
81%
Bosnian
80%
Kirghiz
78%
Swahili
77%
Urdu
77%
Sardinian
76%
Corsican
74%
Tamil
74%
Luxembourgish
73%
Central Khmer
72%
Gaelic
72%
Pashto
72%
Tibetan
72%
Maltese
70%
Zulu
70%
Northern Sami
69%
Galician
68%
Navajo
68%
Dzongkha
66%
Kalaallisut
65%
Latin
64%
Breton
63%
Javanese
63%
Romansh
62%
Occitan
61%
Uighur
61%
Haitian
60%
Inupiaq
60%
Punjabi
60%
Xhosa
60%
Malagasy
59%
Amharic
56%
Faroese
56%
Fijian
56%
Quechua
56%
Walloon
56%
Esperanto
53%
Ossetian
53%
Gujarati
52%
Samoan
52%
Abkhazian
50%
Chechen
49%
Manx
49%
Igbo
48%
Western Frisian
48%
Maori
47%
Tonga
47%
Divehi
46%
Cornish
45%
Guarani
45%
Tatar
45%
Sinhala
44%
Sichuan Yi
43%
Yoruba
42%
Telugu
41%
Sanskrit
39%
Yiddish
39%
Kinyarwanda
38%
Marathi
38%
Kannada
36%
Southern Sotho
36%
Church Slavonic
35%
Rundi
35%
Tigrinya
35%
Aragonese
34%
Assamese
34%
Hausa
34%
Kashmiri
34%
Malayalam
34%
Nauru
34%
Oromo
33%
Cree
32%
Tswana
32%
Marshallese
31%
Aymara
30%
Sindhi
30%
Swati
30%
Wolof
27%
Norwegian Bokmål
26%
Bashkir
24%
Sundanese
24%
Limburgan
23%
Oriya
23%
Afar
22%
Inuktitut
22%
Komi
22%
Norwegian Nynorsk
22%
Chuvash
20%
Fulah
20%
Kongo
19%
North Ndebele
17%
South Ndebele
17%
Lingala
16%
Ojibwa
16%
Shona
15%
Avaric
14%
Zhuang
14%
Interlingua
13%
Sango
13%
Tahitian
13%
Akan
12%
Bambara
12%
Bislama
12%
Chichewa
12%
Hiri Motu
12%
Tsonga
12%
Venda
10%
Chamorro
9%
Ganda
9%
Ido
9%
Twi
9%
Avestan
8%
Ewe
8%
Pali
8%
Volapük
8%
Herero
6%
Interlingue
6%
Kikuyu
5%
Luba-Katanga
5%
Kanuri
4%
Kuanyama
2%
Ndonga
2%
No matching quizzes found
Score Distribution
Percent of People with Each Score
Percentile by Number Answered
Your Score History
You have not taken this quiz